Представление документа в формате RUSMARC

ПолеНазваниеЗначение
  Тип записи a
  Библиографический уровень m
001 Контрольный номер e513f468bcc646edb261d6e40de71a03
005 Дата корректировки 20140527153022.1
010 Индекс ISBN __
a ISBN 978-5-16-003219-1
101 Язык документа 0_
a Язык текста rus
102 Страна публикации __
a Страна публикации RU
200 Заглавие и сведения об ответственности 1_
a Заглавие Анализ эффективности и рисков предпринимательской деятельности: методологические аспекты
f Первые сведения об ответственности Г. В. Савицкая
210 Выходные данные 1_
c Издательство ИНФРА-М
a Место издания М.
d Дата издания 2008
215 Физическое описание __
a Объем 270, [2] с.
610 Ключевые слова 0_
a Ключевые слова предпринимательство
610 Ключевые слова 0_
a Ключевые слова предпринимательская деятельность
610 Ключевые слова 0_
a Ключевые слова факторный анализ
610 Ключевые слова 0_
a Ключевые слова оценка эффективности
610 Ключевые слова 0_
a Ключевые слова инвестиции
610 Ключевые слова 0_
a Ключевые слова лизинговые операции
610 Ключевые слова 0_
a Ключевые слова предпринимательские риски
686 Индексы других классификаций __
a Классификационный индекс 65.9(2)09
2 Код системы rubbk
700 Автор _1
a Фамилия Савицкая
b Имя Г. В.
g Полное личное имя Глафира Викентьевна
801 Источник записи _0
a Страна RU
b Организация РУК
c Дата составления 20100112
g Правила каталогизации PSBO
801 Источник записи _1
a Страна RU
b Организация РУК
c Дата составления 20100112
g Правила каталогизации PSBO
852 Данные о местонахождении __
j Шифр хранения ББК 65.9(2)09
i Авторский знак С 13
901 Тип документа __
t Тип документа m
938 Служебная информация __
a Название организации Головной вуз
b Имя БД BOOK
c Название АИБС АИБС ИРБИС